| 000 | 00720nam a22002057a 4500 | ||
|---|---|---|---|
| 005 | 20250107142838.0 | ||
| 010 | _aENG-143210 | ||
| 020 |
_a9789395422253 _c500.00 |
||
| 035 | _aEN-126742 | ||
| 037 | _bDBAD | ||
| 082 | _a370.15 | ||
| 100 |
_aP. Muthukumar _976005 |
||
| 245 |
_aTeaching and Learning with Emerging Technology: _bA Future Perspective/ _cby P. Muthukumar; A.R.S Kannan [and] K. Malini |
||
| 260 |
_aMadurai _bShanlax Publications _c2022 |
||
| 270 |
_a61, T.P.K., Main Road, Vasantha Nagar _bMadurai _e625003 _mshanlax_1990@yahoo.com |
||
| 300 |
_a338p. _c24cm(pb) |
||
| 700 |
_aKannan, A.R.S _eAuthor _976006 |
||
| 700 |
_aMalini, K. _eAuthor _976007 |
||
| 942 |
_2ddc _cEN _h370.15 _mMUT |
||
| 999 |
_c208149 _d208149 |
||